Psalms: (Record no. 3718)

MARC details
000 -LEADER
fixed length control field 00522nam a2200181Ia 4500
003 - CONTROL NUMBER IDENTIFIER
control field GBCCL
005 - DATE AND TIME OF LATEST TRANSACTION
control field 20241126110502.0
008 - FIXED-LENGTH DATA ELEMENTS--GENERAL INFORMATION
fixed length control field 171205b xxu||||| |||| 00| 0 eng d
020 ## - INTERNATIONAL STANDARD BOOK NUMBER
International Standard Book Number 0-570-06890-8
040 ## - CATALOGING SOURCE
Transcribing agency gbc
082 ## - DEWEY DECIMAL CLASSIFICATION NUMBER
Classification number 223.2061
Item number MUE
100 ## - MAIN ENTRY--PERSONAL NAME
Personal name Mueller, Steven
9 (RLIN) 7354
245 ## - TITLE STATEMENT
Title Psalms:
Remainder of title An Introductory Course /
Statement of responsibility, etc. Steven Mueller
260 ## - PUBLICATION, DISTRIBUTION, ETC.
Name of publisher, distributor, etc. Concordia Publishing House,
Place of publication, distribution, etc. St. Louis:
Date of publication, distribution, etc. 1998
300 ## - PHYSICAL DESCRIPTION
Extent 115p.;
Dimensions 24 cm.
650 ## - SUBJECT ADDED ENTRY--TOPICAL TERM
Topical term or geographic name entry element Bible
Form subdivision Old Testament
General subdivision Psalms- Introduction
9 (RLIN) 8103
942 ## - ADDED ENTRY ELEMENTS (KOHA)
Source of classification or shelving scheme Dewey Decimal Classification
Koha item type Books
Koha issues (borrowed), all copies 4
Holdings
Withdrawn status Lost status Source of classification or shelving scheme Damaged status Not for loan Home library Current Library Shelving location Date acquired Total checkouts Total renewals Full call number Barcode Date last seen Date last checked out Copy number Price effective from Koha item type
    Dewey Decimal Classification     GRACE BIBLE COLLEGE GRACE BIBLE COLLEGE Biblical Studies 2017-12-05 5 1 223.2061 MUE 009530 2025-05-01 2024-12-05 c.1 2017-12-05 Books
© Grace Bible College Library 2025